Predictive factors influencing employee retention at Botswana Union Conference of the Seventh-day Adventist Church in Botswana / (Record no. 24788)
[ view plain ]
| 000 -LEADER | |
|---|---|
| fixed length control field | 00603nam a22001577a 4500 |
| 003 - CONTROL NUMBER IDENTIFIER | |
| control field | AUA.1 |
| 005 - DATE AND TIME OF LATEST TRANSACTION | |
| control field | 20241209113600.0 |
| 008 - FIXED-LENGTH DATA ELEMENTS--GENERAL INFORMATION | |
| fixed length control field | 241209b |||||||| |||| 00| 0 eng d |
| 040 ## - CATALOGING SOURCE | |
| Transcribing agency | JTL |
| 100 ## - MAIN ENTRY--PERSONAL NAME | |
| Personal name | Chenset, Kgomotso Bogadi |
| 245 ## - TITLE STATEMENT | |
| Title | Predictive factors influencing employee retention at Botswana Union Conference of the Seventh-day Adventist Church in Botswana / |
| Statement of responsibility, etc | Kgomotso Bogadi Chenset. |
| 300 ## - PHYSICAL DESCRIPTION | |
| Extent | xiii, 131 leaves : |
| Other physical details | ill. ; |
| Dimensions | 28 cm. |
| 650 ## - SUBJECT ADDED ENTRY--TOPICAL TERM | |
| Topical term or geographic name as entry element | Employee retention |
| 650 ## - SUBJECT ADDED ENTRY--TOPICAL TERM | |
| Topical term or geographic name as entry element | Seventh-day Adventist Church |
| General subdivision | Botswana Union Conference |
| 942 ## - ADDED ENTRY ELEMENTS (KOHA) | |
| Source of classification or shelving scheme | AUA Inhouse Classification |
| Koha item type | Thesis |
| Classification part | MBA |
| Item part | .C46 2024 |
| Withdrawn status | Lost status | Source of classification or shelving scheme | Damaged status | Not for loan | Collection code | Home library | Current library | Shelving location | Date acquired | Source of acquisition | Cost, normal purchase price | Serial Enumeration / chronology | Total Checkouts | Full call number | Barcode | Date last seen | Cost, replacement price | Price effective from | Koha item type |
|---|---|---|---|---|---|---|---|---|---|---|---|---|---|---|---|---|---|---|---|
| Library of Congress Classification | JTL Research Collection | Judith Thomas Library | Judith Thomas Library | Judith Thomas Library Research Section | 09/12/2024 | SPS | 25.00 | aua27614 | MBA .C46 2024 | aua27614 | 09/12/2024 | 25.00 | 09/12/2024 | Thesis |